000 00432nam a22001697a 4500
003 OSt
008 240413b |||||||| |||| 00| 0 eng d
020 _a9789355013521
082 _a153.94 AGM
100 _aAGGARWAL, R. S.
245 _aA Modern Approach to Logical Reasoning
250 _aReprint ed.
260 _aNew Delhi
_bNew DelhiS Chand and Company Limited
_c2023
300 _aMisc.
650 _aBCA
942 _2ddc
_cBK
999 _c12469
_d12469